LEADER 01834nam a2200397 u 4500 001 000000030663 003 CaOOAMICUS 005 20070226112043.0 008 970918s1987 it u000 u ita u 020 $a8839404023 (v.21) 020 $a8839403965 (v.20) 035 $a10769836 040 $aPUL$bita 041 1 $aita$hger 100 1 $aWeiser, Artur,$d1893-1978.$0(OLS)http://pul/name/24709 240 10$aBuch Jeremia.$lItaliano.$0(OLS)http://pul/title/42116 245 10$aGeremia /$ctraduzione e commento di Artur Weiser ; traduzione italiana di Aristide Nannini ; edizione italiana a cura di Giovanni Odasso. 260 $aBrescia :$bPaideia,$cc1987. 300 $a2 v. (p. 767) ;$c21 cm 490 1 $aAntico Testamento ;$v20-21 505 0 $av. 20. (capp. 1-25,14) -- v. 21. (capp. 25,15-52,34). 630 04$aBiblia.$pV.T.$pIeremias$xCommenti.$0(OLS)http://pul/subject/10914 700 1 $aOdasso, Giovanni.$0(OLS)http://pul/name/19417 700 1 $aNannini, Aristide.$0(OLS)http://pul/name/24656 730 0 $aBiblia.$pV.T.$pIeremias.$lItaliano.$0(OLS)http://pul/title/10487 830 0$aAntico Testamento ;$v20-21.$0(OLS)http://pul/title/18620 850 $aPUL 852 $aPUL$W1$xSL Religione 1$y3$m1(6) H 20-21$j42385$nBK-PRI$b $qStampati$B42385$CPULBib$Z2$F42385 $H $81 852 $aPUL$W1$xSL Religione 1$y3$m1(6) H 20-21$j42385$nBK-PRI$b $qStampati$B42386$CPULBib$Z2$F42386 $H $81 941 1 $a8 961 $aINV: 65178, 65179. 961 $aINV: 65178, 65179. 996 $6020$a8839404023 (v.21)$9(OLS)http://pul/number/38453 996 $6020$a8839403965 (v.20)$9(OLS)http://pul/number/38454 996 $6245$aGeremia$9(OLS)http://pul/title/42117 996 $6260$aBrescia :$bPaideia$9(OLS)http://pul/publisher/47884 LEADER 01593nam a2200349 a 4500 001 000000171597 003 CaOOAMICUS 005 20190315173401.0 008 190315s2018 it u000 u ita r 020 $a978-88-670-5720-7 032 $aLibriCat 040 $aPUL$bita 245 00$aA Pierluigi Zannini : $bscritti di diritto romano e giusantichistici /$ca cura di Ferdinando Zuccotti e Marco A. Fenocchio. 260 $aMilano :$bLedizioni,$c©2018. 300 $a457 p. ;$c24 cm. 490 1 $aQuaderni del Dipartimento di Giurisprudenza dell'Universitą di Torino ;$v6/2018 504 $aBibliografia in nota. 600 14$aZannini, Pierluigi.$0(OLS)http://pul/subject/45859 650 4$aDiritto antico.$0(OLS)http://pul/subject/17968 650 4$aDiritto romano.$0(OLS)http://pul/subject/382 700 1 $aZuccotti, Andrea.$0(OLS)http://pul/name/110187 700 1 $aFenocchio, Marco A.$0(OLS)http://pul/name/110188 830 0$aQuaderni del Dipartimento di Giurisprudenza dell'Universitą di Torino ;$v6/2018.$0(OLS)http://pul/title/203617 850 $aPUL 852 $aPUL$W1$xDP1 Cons. Gen., Altre Classi 1$y22$m1039 F 8.6$j195379$qStampati$B200252$CPULBib$Z2$F200252 $H132359 $82 941 1 $a8 960 $aRoman law$9382 960 $aRoman law$9382 996 $6020$a978-88-670-5720-7$9(OLS)http://pul/number/165829 996 $6245$aA Pierluigi Zannini : $bscritti di diritto romano e giusantichistici$9(OLS)http://pul/title/212405 996 $6260$aMilano :$bLedizioni$9(OLS)http://pul/publisher/86509